Powiaty z najdłuższymi nazwami - Statystyki

Ogólne statystyki
  • Ten quiz został rozwiązany 121 razy
    117 od ostatniego zresetowania
  • Średni wynik to 8 z 20
Statystyki odpowiedzi
Powiat # % Poprawnych
miasto {Gorzów Wielkopolski} 18
66%
miasto {Siemianowice Śląskie} 19
58%
ropczycko-sędziszowski 21
52%
czarnkowsko-trzcianecki 22
50%
strzelecko-drezdenecki 21
50%
miasto {Dąbrowa Górnicza} 15
49%
miasto {Świętochłowice} 14
49%
kędzierzyńsko-kozielski 22
47%
miasto {Piotrków Trybunalski} 19
47%
miasto {Jastrzębie-Zdrój} 15
46%
bieruńsko-lędziński 18
43%
golubsko-dobrzyński 18
40%
warszawski zachodni 18
38%
miasto {Piekary Śląskie} 14
35%
łódzki wschodni 14
33%
radomszczański 14
26%
aleksandrowski 14
17%
wysokomazowiecki 16
17%
kamiennogórski 14
10%
dzierżoniowski 14
7%
Nie znaleziono quizów pasujących do podanych kryteriów
Rozkład punktacji
Procent ludzi z każdym wynikiem
Percentyl według liczby udzielonych odpowiedzi
Twoja historia wyników
Nie rozwiązałeś tego quizu od ostatniego zresetowania